Một số khó khăn và sai lầm học sinh thường gặp khi học Hình học không gian và các biện pháp khắc phục

Cơ sở lí luận. Một số khó khăn và sai lầm thường gặp khi học hình học không gian. Các biện pháp khắc phục khó khăn, sai lầm khi học hình học không gian.

Gorde:
Xehetasun bibliografikoak
Egile nagusia: Phan Trương Minh Hiền
Beste egile batzuk: Nguyễn Hữu Chiến (Hướng dẫn)
Formatua: Liburua
Argitaratua: Đà Nẵng Đại học Sư phạm, Đại học Đà Nẵng 2012
Gaiak:
Etiketak: Etiketa erantsi
Etiketarik gabe, Izan zaitez lehena erregistro honi etiketa jartzen!
Thư viện lưu trữ: Mạng thư viện Đại học Đà Nẵng
LEADER 01741nam a2200337 4500
001 000017448
003 13866
005 20130417110430.0
008 130417s2012 sd
082 |a 516.06  |b PH-H 
100 1 |a Phan Trương Minh Hiền 
245 |a Một số khó khăn và sai lầm học sinh thường gặp khi học Hình học không gian và các biện pháp khắc phục  |c Phan Trương Minh Hiền ; Nguyễn Hữu Chiến hướng dẫn  |k Khóa luận tốt nghiệp 
260 |a Đà Nẵng  |b Đại học Sư phạm, Đại học Đà Nẵng  |c 2012 
300 |a 65 tr.  |c 29 cm.  |e Đĩa CD, bản tóm tắt 
500 |a Khóa luận tốt nghiệp đại học. Chuyên ngành: Sư phạm Toán 
504 |a Mục lục đầu trang, tài liệu tham khảo tr. 73 - 74, phụ lục [13 tr.] 
520 |a Cơ sở lí luận. Một số khó khăn và sai lầm thường gặp khi học hình học không gian. Các biện pháp khắc phục khó khăn, sai lầm khi học hình học không gian. 
600 1 4 |b Vua  |c Đinh Tiên Hoàng 
650 0 4 |a Hình học không gian  |v Khóa luận tốt nghiệp  |x Nghiên cứu 
653 |a Hình học không gian  |a Khoa Toán 
700 |a Nguyễn Hữu Chiến  |e Hướng dẫn 
OWN |a LSP 
AVA |a UDN50  |b LSP  |d 516.06 PH-H  |e available  |t Error 5001 Not defined in file expand_doc_bib_avail.  |f 1  |g 0  |h N  |i 0  |k 1 
999 |a From the UDN01 
AVA |a UDN50  |b LSP  |d 516.06 PH-H  |e available  |t Error 5001 Not defined in file expand_doc_bib_avail.  |f 1  |g 0  |h N  |i 0  |k 1 
TYP |a Monograph 
TYP |a Printed language 
980 |a Mạng thư viện Đại học Đà Nẵng